[Event "Penang op 15th"]
[Site "Penang"]
[Date "2023.12.21"]
[Round "6"]
[White "Zia, Tahsin Tajwar"]
[Black "Lye, Lik Zang"]
[Result "1/2-1/2"]
[WhiteElo "2303"]
[BlackElo "2279"]
[PlyCount "62"]
[EventDate "2023.12.18"]
[EventType "swiss"]
[EventRounds "9"]
[EventCountry "MAS"]
[SourceTitle "CB52_2023"]
[SourceDate "2023.12.27"]
[SourceVersion "1"]
[SourceVersionDate "2023.12.27"]
[SourceQuality "1"]

1. e4 c6 2. d4 d5 3. e5 Bf5 4. h4 h5 5. Bd3 Bxd3 6. Qxd3 Qa5+ 7. Nd2 e6 8. Ne2 Nh6 9. Ng3 Qa6 10. Qxa6 Nxa6 11. c3 c5 12. a3 cxd4 13. cxd4 Rc8 14. Ke2 Nb8 15. f3 Nc6 16. Kd3 g6 17. Nb3 Be7 18. Bg5 b6 19. Rac1 Kd7 20. Nd2 Ng8 21. b4 Bxg5 22. hxg5 Nge7 23. Nb3 h4 24. Ne2 Nf5 25. b5 Nce7 26. Rxc8 Rf8 27. Re8 Rxe8 28. Rc1 Rc8 29. Nc3 Rc4 30. Nd2 Ng3 31. Ra1 Rc8 1/2-1/2

[Event "Penang op 15th"]
[Site "Penang"]
[Date "2023.12.19"]
[Round "3"]
[White "Lye, Lik Zang"]
[Black "Rahman, Ziaur"]
[Result "1/2-1/2"]
[WhiteElo "2279"]
[BlackElo "2436"]
[PlyCount "94"]
[EventDate "2023.12.18"]
[EventType "swiss"]
[EventRounds "9"]
[EventCountry "MAS"]
[SourceTitle "CB52_2023"]
[SourceDate "2023.12.27"]
[SourceVersion "1"]
[SourceVersionDate "2023.12.27"]
[SourceQuality "1"]

1. d4 d5 2. c4 e6 3. Nf3 Nf6 4. g3 Bb4+ 5. Bd2 Be7 6. Bg2 c6 7. Qc2 Nbd7 8. 0-0 Ne4 9. Nc3 f5 10. Rab1 0-0 11. b4 Nb6 12. c5 Nc4 13. Bc1 Bf6 14. Nxe4 fxe4 15. Nd2 Nxd2 16. Qxd2 b6 17. f3 exf3 18. Bxf3 Ba6 19. Qc3 Bc4 20. Bf4 Bxa2 21. Ra1 Bc4 22. Qe3 Kh8 23. Bd6 Bg5 24. Qxe6 Re8 25. Qg4 Bf6 26. Rfd1 a5 27. bxa5 bxa5 28. e4 a4 29. exd5 cxd5 30. Qf5 g6 31. Qf4 Kg7 32. h4 a3 33. c6 a2 34. c7 Qd7 35. Bg4 Qf7 36. c8Q Raxc8 37. Bxc8 Rxc8 38. Rd2 Re8 39. Rf2 Re4 40. Qf3 Be2 41. Qxf6+ Qxf6 42. Rxf6 Kxf6 43. Rxa2 Kf5 44. Be5 Kg4 45. Kf2 Bc4 46. Rb2 h5 47. Kg2 g5 1/2-1/2

[Event "Rilton Cup 50th"]
[Site "Stockholm"]
[Date "2022.12.30"]
[Round "4"]
[White "Vestby Ellingsen, Mads"]
[Black "Lye, Lik Zang"]
[Result "1-0"]
[WhiteElo "2389"]
[BlackElo "2241"]
[PlyCount "91"]
[EventDate "2022.12.27"]
[EventType "swiss"]
[EventRounds "9"]
[EventCountry "SWE"]
[SourceTitle "CBM 212 Extra"]
[Source "ChessBase"]
[SourceDate "2023.03.31"]
[SourceVersion "1"]
[SourceVersionDate "2023.03.31"]
[SourceQuality "1"]

1. e4 c5 2. Nf3 d6 3. d4 Nf6 4. Nc3 cxd4 5. Nxd4 Nc6 6. f3 e5 7. Nb3 Be7 8. Be3 0-0 9. Qd2 Be6 10. 0-0-0 a5 11. Bb5 Nb4 12. Kb1 d5 13. exd5 Nbxd5 14. Nxd5 Nxd5 15. Bc4 Nxe3 16. Qxe3 Qc8 17. Bxe6 Qxe6 18. Rhe1 a4 19. Nc5 Bxc5 20. Qxc5 Rfe8 21. Qd6 Qf5 22. a3 Qh5 23. h3 Qg5 24. Qd2 Qg3 25. Re4 h5 26. Qe2 Re6 27. Rd5 Rae8 28. Rxa4 Rg6 29. Rd2 Qh2 30. Ka2 Qg1 31. Re4 Rge6 32. f4 Qc5 33. Qxh5 Qc6 34. Rxe5 Rxe5 35. fxe5 Qc4+ 36. b3 Qf4 37. e6 g6 38. exf7+ Qxf7 39. Qd5 Re6 40. Qc4 b5 41. Rd8+ Kg7 42. Qd4+ Qf6 43. Rd7+ Kh6 44. Qd2+ g5 45. h4 Kh5 46. Qxg5+ 1-0

[Event "Sitges Sunway op 9th"]
[Site "Sitges"]
[Date "2022.12.13"]
[Round "2"]
[White "Lye, Lik Zang"]
[Black "Sammed Jaykumar, Shete"]
[Result "1/2-1/2"]
[WhiteElo "2241"]
[BlackElo "2430"]
[PlyCount "141"]
[EventDate "2022.12.12"]
[EventType "swiss"]
[EventRounds "10"]
[EventCountry "ESP"]
[SourceTitle "CBM 211 Extra"]
[Source "ChessBase"]
[SourceDate "2023.01.31"]
[SourceVersion "1"]
[SourceVersionDate "2023.01.31"]
[SourceQuality "1"]

1. d4 Nf6 2. c4 e6 3. Nc3 Bb4 4. f3 c5 5. d5 b5 6. e4 d6 7. a3 Ba5 8. Bd3 exd5 9. cxd5 a6 10. Nge2 Nbd7 11. 0-0 Ne5 12. Bc2 Bb6 13. Kh1 Nh5 14. g4 Nf6 15. Qe1 c4 16. Ng3 h5 17. g5 h4 18. Nf5 Nh5 19. f4 Nd3 20. Bxd3 cxd3 21. Be3 Bxf5 22. exf5 Kd7 23. Rf3 Qc7 24. Rc1 Qa7 25. Bxb6 Qxb6 26. Qxh4 Qd4 27. Rd1 Nf6 28. Qg3 Ne4 29. Nxe4 Qxe4 30. Rdxd3 Rac8 31. Rc3 Qxd5 32. f6 gxf6 33. gxf6 Rce8 34. Qg1 Re4 35. Qg4+ Re6 36. Qg1 Qa8 37. Qb6 Rc8 38. Qf2 Rce8 39. Rc1 Re2 40. Qg3 Rxb2 41. Qg4+ Re6 42. Kg1 Qh8 43. h3 Qxf6 44. Rfc3 Qg6 45. Rc7+ Ke8 46. f5 Qxg4+ 47. hxg4 Re4 48. f6 Rxg4+ 49. Kh1 Re4 50. Ra7 Kf8 51. Rc8+ Re8 52. Raa8 Rbe2 53. Rxe8+ Rxe8 54. Rxa6 Rd8 55. Rb6 Ke8 56. Rb7 Ra8 57. Re7+ Kf8 58. Rd7 Kg8 59. Rxd6 Rxa3 60. Rb6 Rb3 61. Rb7 Rb2 62. Kg1 b4 63. Kf1 b3 64. Kg1 Rb1+ 65. Kf2 Rb2+ 66. Kf1 Kh7 67. Rxf7+ Kg6 68. Rb7 Rb1+ 69. Ke2 Kxf6 70. Kd2 Ke5 71. Kc3 1/2-1/2

[Event "Budapest FS07 GM"]
[Site "Budapest"]
[Date "2022.07.09"]
[Round "7"]
[White "Lye, Lik Zang"]
[Black "Royal, Shreyas"]
[Result "0-1"]
[WhiteElo "2321"]
[BlackElo "2354"]
[PlyCount "76"]
[EventDate "2022.07.02"]
[EventType "tourn"]
[EventRounds "9"]
[EventCountry "HUN"]
[EventCategory "6"]
[SourceTitle "EXT 2023"]
[Source "ChessBase"]
[SourceDate "2022.10.05"]
[SourceVersion "1"]
[SourceVersionDate "2022.10.05"]
[SourceQuality "1"]

1. d4 Nf6 2. Nf3 d5 3. Bf4 c5 4. e3 Nc6 5. Nbd2 cxd4 6. exd4 Bf5 7. Bb5 e6 8. c4 a6 9. Bxc6+ bxc6 10. Qa4 Qb6 11. Ne5 Rc8 12. 0-0 Be7 13. Nb3 dxc4 14. Qxc4 0-0 15. Bg5 Rfd8 16. Rfe1 h6 17. Bxf6 gxf6 18. Nf3 Rd5 19. Rac1 a5 20. Re3 Bh7 21. Ne1 Qb5 22. Qxb5 Rxb5 23. Rc4 Bb1 24. Ra4 Ra8 25. Kf1 Bd6 26. Rc3 Be4 27. Nd3 Bd5 28. Nbc5 Kh7 29. h3 h5 30. h4 Kg6 31. b3 Kf5 32. g3 e5 33. Rc1 Rg8 34. dxe5 fxe5 35. Na6 Ra8 36. Ndc5 Rb6 37. b4 axb4 38. Rxb4 Bxc5 0-1

[Event "Krakow op-A"]
[Site "Krakow"]
[Date "2022.06.30"]
[Round "7"]
[White "Lye, Lik Zang"]
[Black "Szustakowski, Antoni"]
[Result "0-1"]
[WhiteElo "2321"]
[BlackElo "2267"]
[PlyCount "103"]
[EventDate "2022.06.25"]
[EventType "swiss"]
[EventRounds "9"]
[EventCountry "POL"]
[SourceTitle "CBM 209 Extra"]
[Source "ChessBase"]
[SourceDate "2022.09.30"]
[SourceVersion "1"]
[SourceVersionDate "2022.09.30"]
[SourceQuality "1"]

1. d4 Nf6 2. Nf3 b6 3. g3 Bb7 4. Bg2 c5 5. c3 e6 6. 0-0 Be7 7. Bg5 0-0 8. Nbd2 d5 9. Ne5 Nc6 10. Ndf3 Rc8 11. Nxc6 Bxc6 12. Ne5 Bb7 13. a4 h6 14. Bf4 Ne4 15. Qb3 cxd4 16. cxd4 Ba6 17. Rfe1 Bd6 18. Rac1 Rxc1 19. Rxc1 Bxe5 20. Bxe5 Bxe2 21. Qe3 Ba6 22. Bxe4 dxe4 23. Qxe4 Qg5 24. f4 Qh5 25. Kg2 Rd8 26. h3 Rd7 27. g4 Qh4 28. Rc7 Qd8 29. Qc6 Rxc7 30. Qxc7 Qd5+ 31. Kf2 f6 32. Qxa7 Bb7 33. Qxb6 fxe5 34. dxe5 Qd2+ 35. Kg3 Bd5 36. Qf2 Qb4 37. f5 Qxa4 38. Kh4 Qe4 39. fxe6 Bxe6 40. Kg3 Qxe5+ 41. Kg2 Bd5+ 42. Kg1 Qe4 43. Kh2 Qf3 44. Qxf3 Bxf3 45. Kg3 Bb7 46. Kh4 Kh7 47. b4 g5+ 48. Kg3 Kg6 49. h4 Kf6 50. hxg5+ hxg5 51. b5 Ke5 52. b6 0-1

[Event "Krakow op-A"]
[Site "Krakow"]
[Date "2022.06.25"]
[Round "1"]
[White "Lye, Lik Zang"]
[Black "Stevik, Patrik1111"]
[Result "1/2-1/2"]
[WhiteElo "2321"]
[BlackElo "2188"]
[PlyCount "121"]
[EventDate "2022.06.25"]
[EventType "swiss"]
[EventRounds "9"]
[EventCountry "POL"]
[SourceTitle "CBM 209 Extra"]
[Source "ChessBase"]
[SourceDate "2022.09.30"]
[SourceVersion "1"]
[SourceVersionDate "2022.09.30"]
[SourceQuality "1"]

1. d4 Nf6 2. Nf3 g6 3. g3 Bg7 4. Bg2 0-0 5. 0-0 d5 6. Nbd2 Nc6 7. c4 dxc4 8. Nxc4 Be6 9. b3 Bd5 10. Bb2 e6 11. Rc1 a5 12. Nce5 a4 13. bxa4 Nxe5 14. dxe5 Nd7 15. Bc3 c5 16. Qc2 Qc7 17. Rfd1 Rfc8 18. e4 Bc6 19. a5 b5 20. Rd6 Qb7 21. Qd2 b4 22. Ba1 Rxa5 23. Bf1 Rca8 24. Bc4 Nf8 25. Qf4 h6 26. Nd2 Bb5 27. Nb3 Bxc4 28. Nxa5 Rxa5 29. Rxc4 b3 30. Qc1 Rxa2 31. Bb2 Nd7 32. f4 Nb6 33. Rxc5 Na4 34. Rc8+ Kh7 35. Rc7 Qxe4 36. Rxf7 Nc5 37. Rd4 Qe2 38. Rd2 Qe3+ 39. Kg2 h5 40. Rxg7+ Kxg7 41. Rd7+ Nxd7 42. Qxe3 Rxb2+ 43. Kf3 Nf8 44. h3 Kg8 45. Qc3 Rb1 46. Qd3 Rb2 47. g4 h4 48. Ke4 Kg7 49. f5 gxf5+ 50. gxf5 exf5+ 51. Kd5 Ng6 52. Kd6 Rg2 53. Qxb3 Re2 54. Qb7+ Kh6 55. e6 f4 56. Qf7 Kg5 57. Kd5 Rd2+ 58. Ke4 Re2+ 59. Kd4 Rd2+ 60. Ke4 Re2+ 61. Kd4 1/2-1/2

[Event "SEA Games 31st"]
[Site "Ha Long"]
[Date "2022.05.13"]
[Round "6"]
[White "Lye, Lik Zang"]
[Black "Tran, Tuan Minh"]
[Result "0-1"]
[WhiteElo "2358"]
[BlackElo "2533"]
[PlyCount "184"]
[EventDate "2022.05.10"]
[EventType "swiss"]
[EventRounds "9"]
[EventCountry "VIE"]
[SourceTitle "CBM 208 Extra"]
[Source "ChessBase"]
[SourceDate "2022.07.31"]
[SourceVersion "1"]
[SourceVersionDate "2022.07.31"]
[SourceQuality "1"]

1. d4 Nf6 2. Nf3 e6 3. Bf4 b6 4. e3 Bb7 5. h3 g6 6. Be2 Bg7 7. c4 0-0 8. Nc3 d6 9. Qc2 Nc6 10. 0-0 Nd7 11. Rfd1 Qe8 12. Bh2 a6 13. a3 Rc8 14. b4 Nd8 15. Rab1 f5 16. a4 Nf7 17. c5 Nf6 18. b5 axb5 19. Bxb5 Bc6 20. cxb6 cxb6 21. Qb3 Bxb5 22. Nxb5 Qe7 23. Qa3 Ne4 24. Nd2 Nxd2 25. Rxd2 Rfd8 26. Rc1 e5 27. dxe5 dxe5 28. Rxd8+ Qxd8 29. Rxc8 Qxc8 30. Bg3 g5 31. f3 Bf8 32. Qc3 Qe6 33. e4 Bc5+ 34. Bf2 Bxf2+ 35. Kxf2 fxe4 36. fxe4 Qa2+ 37. Kg1 Qb1+ 38. Kf2 Qxe4 39. Qe3 Qc6 40. Nc3 Kg7 41. Kg1 h6 42. Kh2 Qc4 43. Ne2 Qb4 44. Qf2 h5 45. Qe3 Kg6 46. Qd3+ e4 47. Qc2 h4 48. Nc3 Nd6 49. Nb5 Nxb5 50. axb5 Qd6+ 51. Kh1 Qe6 52. Qc6 Kf5 53. Qc2 Qd6 54. Qf2+ Ke5 55. Qe3 Qf6 56. Qc3+ Kf5 57. Qc8+ Qe6 58. Qc2 Qd6 59. Qf2+ Ke5 60. Qe3 Qd8 61. Qc3+ Kf4 62. Qc4 Ke3 63. Qc1+ Qd2 64. Qg1+ Qf2 65. Qc1+ Kd3 66. Qb1+ Qc2 67. Qf1+ Qe2 68. Qb1+ Kd4 69. Qb4+ Kd5 70. Qb3+ Qc4 71. Qd1+ Qd3 72. Qc1 e3 73. Qc6+ Ke5 74. Qc7+ Qd6 75. Qc3+ Qd4 76. Qc7+ Ke4 77. Qc2+ Qd3 78. Qc6+ Qd5 79. Qg6+ Kd4 80. Qxb6+ Kd3 81. Qg6+ Kd2 82. Qb1 e2 83. Qb2+ Kd3 84. Qb1+ Ke3 85. Qc1+ Ke4 86. Qc2+ Qd3 87. Qc6+ Ke3 88. Qc1+ Qd2 89. Qc5+ Kd3 90. Qf5+ Kc3 91. Qe5+ Kc2 92. Qe4+ Kc1 0-1

[Event "SEA Games 31st"]
[Site "Ha Long"]
[Date "2022.05.13"]
[Round "5"]
[White "Wynn, Zaw Htung"]
[Black "Lye, Lik Zang"]
[Result "1-0"]
[WhiteElo "2508"]
[BlackElo "2358"]
[PlyCount "90"]
[EventDate "2022.05.10"]
[EventType "swiss"]
[EventRounds "9"]
[EventCountry "VIE"]
[SourceTitle "CBM 208 Extra"]
[Source "ChessBase"]
[SourceDate "2022.07.31"]
[SourceVersion "1"]
[SourceVersionDate "2022.07.31"]
[SourceQuality "1"]

1. d4 d5 2. c4 c6 3. Nc3 Nf6 4. e3 a6 5. Nf3 Bf5 6. Qb3 Ra7 7. Bd2 e6 8. c5 Nbd7 9. Na4 Ne4 10. Bb4 Be7 11. Be2 0-0 12. 0-0 Bg4 13. Nb6 Nxb6 14. Ba5 Ra8 15. Bxb6 Qb8 16. Qc2 Bxf3 17. Bxf3 f5 18. Bxe4 fxe4 19. f3 exf3 20. Rxf3 Rxf3 21. gxf3 e5 22. e4 Qf8 23. Qb3 exd4 24. exd5 Qf7 25. d6 Qxb3 26. axb3 Bf6 27. Re1 Kf7 28. Re4 Re8 29. d7 Rxe4 30. fxe4 Ke6 31. d8Q Bxd8 32. Bxd8 Ke5 33. Kf2 Kxe4 34. Ke2 h6 35. b4 g5 36. b3 g4 37. Bh4 h5 38. Bf6 a5 39. bxa5 Kd5 40. Be7 h4 41. Bxh4 Kxc5 42. Be7+ Kb5 43. b4 Kc4 44. Kd2 d3 45. Bc5 Kd5 1-0

[Event "SEA Games 31st"]
[Site "Ha Long"]
[Date "2022.05.10"]
[Round "2"]
[White "Nay, Oo Kyaw Tun"]
[Black "Lye, Lik Zang"]
[Result "1-0"]
[WhiteElo "2385"]
[BlackElo "2358"]
[PlyCount "145"]
[EventDate "2022.05.10"]
[EventType "swiss"]
[EventRounds "9"]
[EventCountry "VIE"]
[SourceTitle "CBM 208 Extra"]
[Source "ChessBase"]
[SourceDate "2022.07.31"]
[SourceVersion "1"]
[SourceVersionDate "2022.07.31"]
[SourceQuality "1"]

1. d4 d5 2. Bf4 Nf6 3. e3 e6 4. Nf3 Bd6 5. Bg3 0-0 6. Nbd2 c5 7. c3 Qc7 8. Bd3 Nbd7 9. 0-0 Bxg3 10. hxg3 e5 11. dxe5 Nxe5 12. Nxe5 Qxe5 13. Qa4 Bd7 14. Qh4 Rfe8 15. Rfd1 Bc6 16. Nf3 Qe7 17. Bc2 a5 18. a3 a4 19. Rac1 b5 20. Ne1 Rad8 21. Bb1 h6 22. Nf3 Nd7 23. Qxe7 Rxe7 24. Ba2 Nb6 25. Ne1 Rc8 26. Nd3 Bb7 27. Nf4 Re5 28. Rc2 g5 29. Nd3 Re7 30. Ne1 Nc4 31. Nd3 Rcc7 32. Ne1 Rc8 33. Nd3 Kg7 34. Ne1 f5 35. Nf3 Kf6 36. Ne1 h5 37. Nf3 Rh7 38. Kf1 h4 39. gxh4 g4 40. Ne1 Rxh4 41. Nd3 Rh1+ 42. Ke2 Rxd1 43. Kxd1 d4 44. cxd4 cxd4 45. exd4 Be4 46. Ke2 Re8 47. Rc3 Bf3+ 48. Kf1 Nd2+ 49. Kg1 Be4 50. Ne5 Rd8 51. f3 Rxd4 52. f4 Ke7 53. Kf2 Nc4 54. Bxc4 bxc4 55. Ke3 Rd1 56. g3 Rb1 57. Nxc4 Bd5 58. Nb6 Bb3 59. Kd4 Rxb2 60. Ke5 Re2+ 61. Kxf5 Be6+ 62. Kg5 Rb2 63. Nxa4 Rb5+ 64. Rc5 Rb3 65. Re5 Kf7 66. Nc5 Rxa3 67. Nxe6 Rxg3 68. Nd4 Rd3 69. Nf5 g3 70. Re7+ Kf8 71. Re1 g2 72. Rg1 Rd2 73. Nh4 1-0

[Event "Zonal 3.3 Online"]
[Site "Tornelo INT"]
[Date "2021.05.09"]
[Round "9"]
[White "Lye, Lik Zang"]
[Black "Mohamad, Ervan"]
[Result "1-0"]
[WhiteElo "2358"]
[BlackElo "2356"]
[PlyCount "97"]
[EventDate "2021.05.01"]
[EventType "swiss"]
[EventRounds "9"]
[EventCountry "PHI"]
[SourceTitle "CBM 202 Extra"]
[Source "ChessBase"]
[SourceDate "2021.07.31"]
[SourceVersion "1"]
[SourceVersionDate "2021.07.31"]
[SourceQuality "1"]

1. d4 Nf6 2. Bg5 e6 3. Nd2 h6 4. Bh4 d5 5. e3 Be7 6. Bd3 b6 7. Ngf3 Bb7 8. Ne5 0-0 9. 0-0 Nbd7 10. f4 Ne4 11. Bxe7 Qxe7 12. c3 Nxe5 13. fxe5 f5 14. exf6 gxf6 15. Nxe4 dxe4 16. Bxe4 Bxe4 17. Qg4+ Kh8 18. Qxe4 Rg8 19. Rf4 Rae8 20. Raf1 f5 21. Qe5+ Kh7 22. e4 Rg5 23. exf5 exf5 24. Qxe7+ Rxe7 25. Rxf5 Rxf5 26. Rxf5 Re1+ 27. Rf1 Re2 28. Rf7+ Kg8 29. Rxc7 a5 30. d5 Kf8 31. d6 Rd2 32. Rc6 b5 33. Rb6 Rd5 34. Rb8+ Kf7 35. d7 Rxd7 36. Rxb5 Rd2 37. a4 Rc2 38. h4 Kg6 39. Kh2 Rd2 40. Kg3 Rc2 41. Kf3 h5 42. Rb6+ Kg7 43. g3 Rd2 44. Kf4 Rg2 45. b3 Rc2 46. c4 Rc3 47. Rb5 Kg6 48. c5 Kf6 49. c6 1-0

[Event "Zonal 3.3 Online"]
[Site "Tornelo INT"]
[Date "2021.05.08"]
[Round "8"]
[White "Lorenzo, Kimuel Aaron O"]
[Black "Lye, Lik Zang"]
[Result "1/2-1/2"]
[WhiteElo "1769"]
[BlackElo "2358"]
[PlyCount "105"]
[EventDate "2021.05.01"]
[EventType "swiss"]
[EventRounds "9"]
[EventCountry "PHI"]
[SourceTitle "CBM 202 Extra"]
[Source "ChessBase"]
[SourceDate "2021.07.31"]
[SourceVersion "1"]
[SourceVersionDate "2021.07.31"]
[SourceQuality "1"]

1. d4 Nf6 2. c4 g6 3. Nc3 d5 4. cxd5 Nxd5 5. e4 Nxc3 6. bxc3 Bg7 7. Bc4 c5 8. Be3 Qa5 9. Qd2 Nc6 10. Ne2 0-0 11. Rd1 b6 12. 0-0 cxd4 13. cxd4 Qxd2 14. Rxd2 Bb7 15. Rc1 Rac8 16. f3 Rfd8 17. Kf2 Na5 18. Rdc2 Nxc4 19. Rxc4 Rxc4 20. Rxc4 Rd7 21. d5 e6 22. dxe6 fxe6 23. f4 b5 24. Rb4 a6 25. e5 Bf8 26. Rd4 Rxd4 27. Nxd4 Bd5 28. Nb3 Bb4 29. Bc5 Bc3 30. g3 Kf7 31. Ke3 Bc4 32. Bd4 Bb4 33. Bc5 Be1 34. Nd2 Bxa2 35. Ke2 Bxd2 36. Kxd2 a5 37. Bb6 a4 38. Bc5 Ke8 39. Kc3 Kd7 40. Kd4 Kc6 41. Bb4 Bb1 42. g4 h5 43. g5 h4 44. Be7 Kb6 45. Bb4 Bf5 46. Kc3 Bg4 47. Kd4 h3 48. Kc3 Bf5 49. Kd4 Kc6 50. Bf8 Kb6 51. Bb4 Kc6 52. Bf8 Kb6 53. Bb4 1/2-1/2

[Event "Wch FIDE Online U16 Asia qual"]
[Site "Tornelo INT"]
[Date "2020.12.12"]
[Round "4"]
[White "Saksham, Rautela"]
[Black "Lye, Lik Zang"]
[Result "0-1"]
[WhiteElo "2480"]
[BlackElo "2358"]
[PlyCount "124"]
[EventDate "2020.12.11"]
[EventType "swiss (rapid)"]
[EventRounds "7"]
[EventCountry "ISS"]
[SourceTitle "EXT 2022"]
[Source "ChessBase"]
[SourceDate "2021.10.06"]
[SourceVersion "1"]
[SourceVersionDate "2021.10.06"]
[SourceQuality "1"]

1. e4 d5 2. exd5 Qxd5 3. Nc3 Qd8 4. d4 Nf6 5. Nf3 Bg4 6. Be2 e6 7. h3 Bxf3 8. Bxf3 c6 9. 0-0 Bd6 10. Bg5 Nbd7 11. Ne4 Be7 12. Nxf6+ Nxf6 13. c3 h6 14. Bxf6 Bxf6 15. Re1 0-0 16. Qe2 Re8 17. Rad1 Qa5 18. a3 Rad8 19. Qc2 Qb6 20. Re2 Rd7 21. Rde1 Red8 22. g3 g6 23. b4 Kg7 24. Kg2 Qa6 25. Qb3 Qb6 26. h4 h5 27. Qc4 Qb5 28. Qc5 Qa4 29. Qa5 Qxa5 30. bxa5 c5 31. dxc5 Rc8 32. a6 bxa6 33. c6 Rd3 34. Re3 Rxc3 35. Rxc3 Bxc3 36. Rd1 Rc7 37. Rb1 Bd4 38. a4 a5 39. Rb8 Kf6 40. Kf1 Ke7 41. Ke2 Bb6 42. Bg2 Kd6 43. f4 Kc5 44. Kd3 Kb4 45. Rb7 Kxa4 46. Kc4 Ka3 47. Kb5 a4 48. Bf3 Rxb7 49. cxb7 Bc7 50. Bd1 a6+ 51. Kc6 Bb8 52. Kc5 e5 53. fxe5 Bxe5 54. g4 hxg4 55. Bxg4 Kb2 56. Be2 a3 57. Bc4 a2 58. Bxa2 Kxa2 59. Kb6 f5 60. Ka7 f4 61. b8Q Bxb8+ 62. Kxb8 f3 0-1

[Event "Wch FIDE Online U16 Asia qual"]
[Site "Tornelo INT"]
[Date "2020.12.11"]
[Round "1"]
[White "Lye, Lik Zang"]
[Black "Nisban, Cyrus"]
[Result "1-0"]
[WhiteElo "2358"]
[BlackElo "1909"]
[PlyCount "95"]
[EventDate "2020.12.11"]
[EventType "swiss (rapid)"]
[EventRounds "7"]
[EventCountry "ISS"]
[SourceTitle "EXT 2022"]
[Source "ChessBase"]
[SourceDate "2021.10.06"]
[SourceVersion "1"]
[SourceVersionDate "2021.10.06"]
[SourceQuality "1"]

1. d4 Nf6 2. Nf3 g6 3. Bf4 Bg7 4. e3 0-0 5. h3 d6 6. Be2 Nfd7 7. Bh2 e5 8. c4 Nc6 9. Nc3 f5 10. dxe5 dxe5 11. Qd5+ Kh8 12. Rd1 Nb4 13. Qd2 Qe8 14. Nb5 Na6 15. h4 e4 16. Ng5 h6 17. Nh3 Ne5 18. Bxe5 Bxe5 19. Nf4 Kg7 20. h5 g5 21. Ng6 Rf6 22. b3 c6 23. Na3 Rd6 24. Qa5 Rxd1+ 25. Bxd1 Bc7 26. Qc3+ Kf7 27. b4 Be6 28. Nc2 Bd8 29. Nd4 Bf6 30. Bb3 c5 31. bxc5 Nxc5 32. 0-0 Nxb3 33. axb3 Rd8 34. Ra1 a6 35. c5 Bxd4 36. exd4 Bd5 37. Ne5+ Kg8 38. Ng6 Bf7 39. Ne5 Bd5 40. Qh3 Qe6 41. b4 Rc8 42. Rb1 Ba2 43. Rb2 Bd5 44. b5 axb5 45. Rxb5 Ra8 46. Rb6 Ra1+ 47. Kh2 Qc8 48. Rxh6 1-0

[Event "Rilton Cup 49th"]
[Site "Stockholm"]
[Date "2020.01.05"]
[Round "9"]
[White "Pratyusha, Bodda"]
[Black "Lye, Lik Zang"]
[Result "0-1"]
[WhiteElo "2253"]
[BlackElo "2379"]
[PlyCount "60"]
[EventDate "2019.12.27"]
[EventType "swiss"]
[EventRounds "9"]
[EventCountry "SWE"]
[SourceTitle "EXT 2021"]
[Source "ChessBase"]
[SourceDate "2020.10.23"]
[SourceVersion "1"]
[SourceVersionDate "2020.10.23"]
[SourceQuality "1"]

1. d4 Nf6 2. Bf4 b6 3. e3 Bb7 4. h3 g6 5. Nf3 Bg7 6. c4 0-0 7. Nc3 d6 8. Bd3 Nbd7 9. d5 e5 10. Bh2 e4 11. Bxe4 Nxe4 12. Nxe4 Bxb2 13. Rb1 Bg7 14. 0-0 Qe7 15. Qc2 f5 16. Ned2 Nc5 17. Rbe1 Rae8 18. Bf4 h6 19. h4 b5 20. Nb3 Ne4 21. Na5 Ba8 22. Nc6 Bxc6 23. dxc6 g5 24. hxg5 hxg5 25. cxb5 gxf4 26. exf4 d5 27. Qb3 Qc5 28. Rc1 Nc3 29. Rxc3 Bxc3 30. Rc1 Re2 0-1

[Event "Rilton Cup 49th"]
[Site "Stockholm"]
[Date "2019.12.31"]
[Round "5"]
[White "Nikolic, Vladan"]
[Black "Lye, Lik Zang"]
[Result "1/2-1/2"]
[WhiteElo "2217"]
[BlackElo "2379"]
[PlyCount "73"]
[EventDate "2019.12.27"]
[EventType "swiss"]
[EventRounds "9"]
[EventCountry "SWE"]
[SourceTitle "CBM 194 Extra"]
[Source "ChessBase"]
[SourceDate "2020.03.31"]
[SourceVersion "1"]
[SourceVersionDate "2020.03.31"]
[SourceQuality "1"]

1. d4 Nf6 2. c4 g6 3. Nc3 d5 4. cxd5 Nxd5 5. e4 Nxc3 6. bxc3 Bg7 7. Bg5 c5 8. Nf3 Nc6 9. d5 Bxc3+ 10. Bd2 Bxa1 11. Qxa1 Nd4 12. Nxd4 cxd4 13. Qxd4 0-0 14. Bc4 Qb6 15. Qa1 Bd7 16. 0-0 Rfc8 17. Be3 Qa5 18. Bh6 f6 19. Bb3 Ba4 20. Bd2 Qb5 21. d6+ Bxb3 22. axb3 Qxb3 23. dxe7 Qe6 24. Bb4 a5 25. Ba3 b5 26. f4 Rc2 27. Qd1 Rcc8 28. f5 gxf5 29. Rxf5 Qxe4 30. Rxf6 Qe3+ 31. Kh1 Qxa3 32. Qd5+ Kh8 33. Qe5 Kg8 34. Qg5+ Kh8 35. Qe5 Kg8 36. Qg5+ Kh8 37. Qe5 1/2-1/2

[Event "Rilton Cup 49th"]
[Site "Stockholm"]
[Date "2019.12.27"]
[Round "1"]
[White "Cherepov, Alexej"]
[Black "Lye, Lik Zang"]
[Result "1/2-1/2"]
[WhiteElo "2184"]
[BlackElo "2379"]
[PlyCount "126"]
[EventDate "2019.12.27"]
[EventType "swiss"]
[EventRounds "9"]
[EventCountry "SWE"]
[SourceTitle "EXT 2021"]
[Source "ChessBase"]
[SourceDate "2020.10.23"]
[SourceVersion "1"]
[SourceVersionDate "2020.10.23"]
[SourceQuality "1"]

1. Nf3 c5 2. g3 Nc6 3. Bg2 e5 4. d3 g6 5. 0-0 Bg7 6. c4 Nge7 7. Nc3 0-0 8. Ne1 d6 9. Nc2 Be6 10. Ne3 Qd7 11. Ned5 Bh3 12. Bh6 Bxg2 13. Kxg2 Nxd5 14. Nxd5 f5 15. Bxg7 Qxg7 16. Qd2 f4 17. f3 Nd4 18. Rab1 a5 19. a4 Nf5 20. g4 Nd4 21. h4 Nc6 22. Rh1 Nb4 23. Nc3 h6 24. h5 g5 25. Rhc1 Rfd8 26. b3 Qf7 27. Kf1 b6 28. Kf2 Rd7 29. Kf1 Rad8 30. Kf2 Qe6 31. Kf1 d5 32. cxd5 Nxd5 33. Nxd5 Rxd5 34. Rc4 Rd4 35. Qc3 Kf7 36. Rb2 Ke7 37. Rb1 Kd7 38. Rxd4+ exd4 39. Qc4 Qe3 40. Qf7+ Kc6 41. Qc4 Re8 42. Rb2 Kd6 43. Rc2 Rb8 44. Qa6 Qe7 45. Qb5 Qe8 46. Qc4 Qc6 47. Qf7 Qd7 48. Qc4 Qc6 49. Qf7 Qd5 50. Qf6+ Qe6 51. Qxe6+ Kxe6 52. Ke1 Kd5 53. Kd2 b5 54. axb5 Rxb5 55. Ra2 Rxb3 56. Rxa5 Rb2+ 57. Ke1 Rb6 58. Kd2 Kd6 59. Kc2 Kc6 60. Ra8 Kb5 61. Rg8 Ra6 62. Rb8+ Kc6 63. Rh8 Kb5 1/2-1/2

[Event "Zadar op-A 26th"]
[Site "Zadar"]
[Date "2019.12.22"]
[Round "9"]
[White "Rudolf, Michal"]
[Black "Lye, Lik Zang"]
[Result "1/2-1/2"]
[WhiteElo "2328"]
[BlackElo "2379"]
[PlyCount "60"]
[EventDate "2019.12.15"]
[EventType "swiss"]
[EventRounds "9"]
[EventCountry "CRO"]
[SourceTitle "CBM 193 Extra"]
[Source "ChessBase"]
[SourceDate "2020.01.31"]
[SourceVersion "1"]
[SourceVersionDate "2020.01.31"]
[SourceQuality "1"]

1. d4 d5 2. c4 dxc4 3. e3 e5 4. Bxc4 exd4 5. exd4 Bd6 6. Nf3 Nf6 7. 0-0 0-0 8. Nc3 Nc6 9. h3 h6 10. Qc2 Nb4 11. Qb1 Be6 12. Bxe6 fxe6 13. Re1 Qd7 14. a3 Nbd5 15. Bd2 Rae8 16. Qg6 Ne7 17. Qd3 Nf5 18. Rad1 Qf7 19. Re2 Qh5 20. Rde1 Nh4 21. Nxh4 Qxh4 22. Rxe6 Ng4 23. f4 Bxf4 24. Qc4 Rxe6 25. Qxe6+ Kh8 26. Bxf4 Rxf4 27. hxg4 Qf2+ 28. Kh1 Qh4+ 29. Kg1 Qf2+ 30. Kh1 Qh4+ 1/2-1/2